Irrigation and drainage engineering

Saved in:
Bibliografiske detaljer
Main Authors: Waller, Peter (Author), Yitayew, Muluneh (Author)
Format: Bog
Sprog:engelsk
Udgivet: Cham, Germany Springer 2016
Fag:
Tags: Tilføj Tag
Ingen Tags, Vær først til at tagge denne postø!

MARC

LEADER 00000cam a2200000 a 4500
001 UCC5359
003 CL-VaPUC
005 20211104074315.0
008 181005e20160000gw |||||||||||||||||eng|d
020 |a 9783319056982 
040 |c Pontificia Universidad Católica de Valparaíso 
082 0 4 |a 631.7 WAL 2016  |2 21 
100 0 |a Waller, Peter  |e author  |9 599694 
245 1 0 |a Irrigation and drainage engineering 
260 |a Cham, Germany  |b Springer  |c 2016 
300 |a 742 páginas  
583 |a last modification  |c 20181005 11:02:00  |k Rodrigo Vera 
650 0 |a Riego  |9 259685 
650 0 |a Suelo  |9 348469 
650 0 |a Evapotranspiración  |9 392211 
650 0 |a Sistemas de riego  |9 362150 
700 0 |a Yitayew, Muluneh  |e author  |9 599695 
942 |c BK  |2 ddc 
945 |d 20181005 11:02:00  |a dcastane 
999 |c 372612  |d 372610 
952 |0 0  |1 0  |3 erd  |4 0  |6 631_700000000000000_WAL_2016  |7 0  |8 R  |9 490302  |a BIBAGR  |b BIBAGR  |i 5504740  |o 631.7 WAL 2016  |p 5504740  |r 2025-01-20  |w 2019-11-24  |y BK_R  |z Catalogado en:20181005  |k AGR 
952 |0 0  |1 0  |3 erd  |4 0  |6 631_700000000000000_WAL_2016  |7 0  |8 R  |9 490303  |a BIBAGR  |b BIBAGR  |i 5504732  |o 631.7 WAL 2016  |p 5504732  |r 2025-01-20  |w 2019-11-24  |y BK_R  |z Catalogado en:20181005  |k AGR